Giáo trình văn học Việt Nam
.
Tallennettuna:
| Päätekijä: | |
|---|---|
| Aineistotyyppi: | Kirja |
| Kieli: | Vietnamese |
| Julkaistu: |
Đà Nẵng
2003
|
| Aiheet: | |
| Tagit: |
Lisää tagi
Ei tageja, Lisää ensimmäinen tagi!
|
| Thư viện lưu trữ: | Mạng thư viện Đại học Đà Nẵng |
|---|
| LEADER | 00982nam a2200325 4500 | ||
|---|---|---|---|
| 001 | 000004320 | ||
| 003 | 455 | ||
| 005 | 20121211001216.0 | ||
| 008 | 110719s2003 viesd | ||
| 041 | 0 | |a vie | |
| 082 | |a 807 |b NG-N | ||
| 100 | 0 | |a Nguyễn Phong Nam | |
| 245 | 0 | |a Giáo trình văn học Việt Nam |c Nguyễn Phong Nam | |
| 260 | |a Đà Nẵng |c 2003 | ||
| 300 | |a 158tr |c 29cm | ||
| 500 | |a Lưu hành nội bộ | ||
| 520 | |a . | ||
| 653 | |a Giáo trình | ||
| 653 | |a Văn học Việt Nam | ||
| 910 | |d 19/07/2011 | ||
| OWN | |a LSP | ||
| AVA | |a UDN50 |b LSP |d 807 NG-N |e check_holdings |t Error 5003 Not defined in file expand_doc_bib_avail. |h N |k 1 | ||
| 999 | |a From the UDN01 | ||
| AVA | |a UDN50 |b LSP |d 807 NG-N |e available |t Error 5001 Not defined in file expand_doc_bib_avail. |f 73 |g 1 |h N |i 55 |k 1 | ||
| TYP | |a Monograph | ||
| TYP | |a Printed language | ||
| 980 | |a Mạng thư viện Đại học Đà Nẵng | ||